| 000 | 01532nam a2200277 a 4500 | ||
|---|---|---|---|
| 001 | 000037374 | ||
| 003 | DO-SdBNP | ||
| 005 | 20220818173125.0 | ||
| 008 | 091118s1993 dr 000 0 spa d | ||
| 040 |
_aDO-SdBNP _bspa _cBNPHU |
||
| 082 |
_a282.8 _bC748n, 1993 |
||
| 111 | 2 |
_aConferencia general del Episcopado Latinoamericano _n4ª : _d1992 oct. 12-28 : _cSanto Domingo) _929793 |
|
| 245 | 1 | 0 | _aNueva evangelización, promoción humana, cultural cristiana. |
| 250 | _a2da. ed. | ||
| 260 |
_aSanto Domingo : _bMSC, _c1993. |
||
| 300 |
_a209 p. ; _c22 cm. |
||
| 500 | _aIncluye índice temático | ||
| 505 | 0 |
_tCarta del Santo Padre a los Obispos diocesanos de América Latina -- _tDiscurso inaugural del Santo Padre -- _tPresentación -- _tMensaje de la IV Conferencia del Episcopado Latinoamericano a los puebos de América Latina y el Caribe -- _tConclusiones de la IV conferencia general del episcopado latinoamericano -- _tJesucristo, evangelio del padre -- _tJesucristo evangelizador viviente en su iglesia -- _tLa promoción humana -- _tLa cultura cristiana -- _tJesucristo, vida y esperanza de América Latina y el Caribe. |
|
| 590 | _aInventariado, 2018/ YL | ||
| 650 | 4 |
_aEvangelización _zAmérica Latina _xCongresos, conferencias, etc. _929794 |
|
| 650 | 4 |
_aCristianismo y cultura _xCongresos, conferencias, etc. _929795 |
|
| 650 | 4 |
_aIglesia católica _zAmérica Latina _929796 |
|
| 710 | 2 |
_aIglesia Católica. _bConsejo Episcopal Latinoamericano. _929797 |
|
| 910 | _aValidado. Control de calidad MFF | ||
| 942 |
_2ddc _cLBS1 |
||
| 999 |
_c36864 _d36864 |
||